| 000 | nam a22 7a 4500 | ||
|---|---|---|---|
| 999 |
_c330729 _d330729 |
||
| 003 | NUST | ||
| 005 | 20180119162607.0 | ||
| 008 | 170802b xxu||||| |||| 00| 0 eng d | ||
| 040 | _cNUST | ||
| 082 | _a910.954915 NOR | ||
| 245 | _aImperial Gazetteer of India Provincial series North-West Frontier Province | ||
| 260 |
_aLahore _bSang-e-meel publications _c1979 |
||
| 300 | _a280p | ||
| 942 |
_2ddc _cBK |
||